[Event "North Wales Open"]
[Site "Llandudno"]
[Date "2019.06.21"]
[Round "1.1"]
[White "Patrick, David A"]
[Black "Ashton, Adam G"]
[Result "0-1"]
[WhiteElo "1878"]
[BlackElo "2325"]
[Annotator "kemen"]
[PlyCount "80"]
[EventDate "2019.06.22"]
[EventRounds "5"]
[EventCountry "WLS"]

1. e4 c5 2. c3 Nf6 3. e5 Nd5 4. Nf3 e6 5. d4 cxd4 6. cxd4 b6 (6... d6) 7. Nc3
Nxc3 8. bxc3 Qc7 9. Bb2 {looks like a sidelined B here} (9. Bd2 {main}) 9...
Be7 10. Bd3 Bb7 (10... Ba6 {also played}) 11. Qe2 (11. O-O) 11... d6 12. O-O
Nd7 13. exd6 (13. Rfe1 O-O 14. exd6 Bxd6 15. c4 Bxf3 16. Qxf3 Bxh2+ 17. Kh1 Bd6
18. Re4 $11 {2 Wh wins, 1 draw, 2 Bl wins}) 13... Qxd6 (13... Bxd6 14. h3 O-O
15. c4 Rfe8 16. Rfe1 Bb4 17. Red1 Rac8 18. Rac1 (18. a3 Be7 19. Rac1 Qf4 20.
Nd2 Nf6 21. Qe3 Bd6 {Zuev-Kozlov, RUS ch sf Perm 1997,0-1}) 18... Qf4 19. Qe3
Bd6 20. Qxf4 Bxf4 21. Rc2 Red8 {Hansson-Grandelius, Cellavision op, Lund 2018,
0-1}) 14. a4 $14 Qf4 15. Ne5 (15. Bc1 Qc7 16. a5 Qxc3 17. Bd2 Qc7 18. Rfc1 Qd8
19. Bf4 $14 {Komodo13}) 15... Nxe5 16. dxe5 O-O 17. a5 $11 (17. Bc1 Qh4 18. a5
$11) 17... Bc5 18. Bc1 Qh4 19. Bc2 (19. Be3 Rfc8 20. Rfb1 g6 $11 {Komodo13})
19... Bc6 20. Be3 Rad8 21. axb6 axb6 22. Bxc5 bxc5 23. Ra6 (23. Ra5) 23... Bd5
24. Ra4 c4 25. g3 Qg5 26. f4 {opens up the K side} (26. h4 Qe7 27. Qe3 $11 {
Komodo13}) 26... Qe7 $15 27. Rb1 g6 28. Qf2 Ra8 29. Rba1 Rxa4 30. Rxa4 Rb8 31.
Ra7 Qd8 32. f5 (32. Qd4 h5 $17 {Komodo13}) 32... gxf5 $19 33. Ra2 Kh8 34. Qd4
Qg5 35. Qf4 Qxf4 36. gxf4 Rg8+ {using the lines opened up by Wh} 37. Kf2 Rg2+
38. Ke3 Rxh2 39. Kd4 Rf2 (39... h5) 40. Kc5 h5 0-1

[Event "North Wales Open"]
[Site "Llandudno"]
[Date "2019.06.21"]
[Round "1.2"]
[White "Surtees, Mike J"]
[Black "Taylor, Robert Graham"]
[Result "1-0"]
[WhiteElo "2112"]
[BlackElo "1833"]
[Annotator "kemen"]
[PlyCount "79"]
[EventDate "2019.06.22"]
[EventType "swiss"]
[EventRounds "5"]
[EventCountry "WLS"]

1. c4 Nf6 2. Nc3 e5 3. g3 c6 4. Bg2 Be7 (4... d5) 5. e4 (5. d4) 5... d6 6. Nge2
O-O 7. d4 Qc7 (7... Nbd7 {main}) 8. O-O Be6 $146 {Deep Fritz13} (8... Nbd7) 9.
d5 cxd5 10. cxd5 (10. Nxd5 {Komodo13}) 10... Bd7 11. h3 (11. a4) 11... Na6 (
11... b5) 12. Be3 b5 13. a3 b4 14. axb4 Nxb4 15. Qd2 a5 16. f4 (16. Rfc1 Qb7
17. Na4 Bd8 18. Nec3 $14 {Komodo13}) 16... Qc4 17. Rfd1 Qb3 18. Rdc1 $16 {the
Bl Q could be in danger} Bd8 19. fxe5 dxe5 20. Bc5 (20. Ra3 $1 Qc4 21. Na2 Nxe4
22. Rxc4 Nxd2 23. Bxd2 $18 {Komodo13}) 20... Re8 21. Ra3 Qc4 22. Na2 Qxa2 (
22... Nxe4 23. Rxc4 Nxd2 24. Rxb4 Nb1 25. Rb7 Nxa3 26. Rxd7 Nc4 27. d6 $16 {
Komodo13}) 23. Bxb4 (23. Rxa2 Nxa2 24. Ra1 Rc8 25. Ba7 Nb4 26. Nc3 $18 {
Komodo13- is simpler}) 23... axb4 24. Rxa2 Rxa2 25. Qxb4 Ra4 26. Qb7 Ra5 27.
Nc3 Rc5 28. Ra1 Bc8 29. Qb3 Nh5 (29... Rc7 {looks better, trying to construct
a fortress}) 30. Kh2 g5 31. Ra8 (31. Ra7) 31... g4 32. h4 Kh8 33. Qb4 Rc7 34.
d6 Rb7 35. Qa3 (35. d7 Rxd7 36. Rxc8 $18 {Komodo13}) 35... Bb6 (35... Be6 36.
Qc5 Rxb2 37. Qxe5+ Ng7 38. Nd5 $18 {Komodo13}) 36. Nd1 {preventing Bf2, but
there is a stronger attack available for Wh} (36. Qa4 Nf6 37. Qc6 $18 {Komodo13
}) 36... Bd4 37. Bf1 Rb6 38. d7 Bxd7 39. Rxe8+ Bxe8 40. Qf8# 1-0

[Event "North Wales Open"]
[Site "Llandudno"]
[Date "2019.06.21"]
[Round "1.3"]
[White "Biermann, Florian"]
[Black "Hayward, Philip T"]
[Result "1-0"]
[WhiteElo "1815"]
[BlackElo "1976"]
[Annotator "kemen"]
[PlyCount "43"]
[EventDate "2019.06.22"]
[EventRounds "5"]
[EventCountry "WLS"]

1. e4 e6 2. d4 d5 3. Nc3 Bb4 4. a3 Bxc3+ 5. bxc3 dxe4 6. Qg4 Nf6 7. Qxg7 Rg8 8.
Qh6 c5 (8... Rg6) (8... Nbd7) (8... b6 {alternatives}) 9. Ne2 Bd7 10. Bg5 (10.
Rb1 {scores 65 % for Wh} Bc6 11. dxc5 Nbd7 12. Nd4 $11) 10... Rg6 11. Qh4 Bc6
12. Rd1 (12. a4 $11 {but Wh only scores 10% , mainly in corr games}) 12... Nbd7
13. Nf4 Rg8 (13... Rxg5 {Komodo13} 14. Qxg5 Qa5 15. Ne2 O-O-O 16. dxc5 Nd5 17.
Nd4 Nxc5 (17... e3) 18. Nxc6 bxc6 19. Be2 e3 20. O-O $16 {Wang-Savchenko, Wld
ch blitz Riadh 2017,1-0}) 14. dxc5 (14. Be2 $14 {Komodo13}) 14... e3 15. fxe3 (
15. f3) 15... Rxg5 16. Qxg5 Qa5 17. Bd3 O-O-O 18. Ne2 (18. O-O $14 {Komodo13})
18... Rg8 19. Qf4 Rg4 (19... Rxg2 20. Rg1 Rxg1+ 21. Nxg1 Qxc3+ 22. Ke2 Qxa3 (
22... e5) 23. Qd6 Nd5 24. Rf1 Nc3+ 25. Kf2 Qxc5 $11 {Komodo13}) 20. Qd6 $16 Qd8
(20... Kd8 21. h3 Rxg2 22. Rf1 Ke8 23. Rf2 Rxf2 24. Kxf2 Qxc5 25. Qxc5 Nxc5 26.
Rg1 $18 {the Wh R gets active at last}) 21. Ba6 (21. Nd4 Bxg2 22. Nb5 Qa5 23.
Rg1 (23. h3 Bxh1 24. hxg4 $18) 23... Bc6 24. Rxg4 Nxg4 25. Nd4 $18 {Komodo13-
unusual convolutions, especially in time pressure}) 21... Ne4 $2 (21... Qc7 22.
Bd3 Bxg2 23. Rg1 Qxc5 24. Qxc5+ Nxc5 25. Nd4 $18 {Komodo13- the exchange will
win in the long run}) 22. Qxc6+ $18 1-0

[Event "North Wales Open"]
[Site "Llandudno"]
[Date "2019.06.21"]
[Round "1.4"]
[White "Van Kemenade, Rudy"]
[Black "Farrar, Gordon"]
[Result "0-1"]
[WhiteElo "1931"]
[BlackElo "1750"]
[Annotator "kemen"]
[PlyCount "36"]
[EventDate "2019.06.22"]
[EventRounds "5"]
[EventCountry "WLS"]

1. e4 e5 2. Nf3 d6 3. Bc4 Nf6 4. Ng5 (4. d3 Be7 5. Nc3 O-O 6. h3 Nc6 7. Be3 Na5
{Dean-Farrar, British Hull 2018,1/2-1/2}) 4... d5 5. exd5 h6 (5... Nxd5 6. Nxf7
(6. Qf3 {scores even better} Qxg5 7. Bxd5 Qf6 8. Bxb7)) 6. Nf3 e4 7. Qe2 (7.
Ne5 Bd6 (7... Qe7 8. d4 exd3 9. f4 (9. O-O dxc2 $17) 9... Nbd7 10. O-O Nxe5 11.
fxe5 Qc5+ (11... dxc2 12. Qxc2 Qxe5 $11) (11... Nxd5 $11) 12. Kh1 Qxc4 13. Nd2
(13. exf6 $16) 13... dxc2 14. Qe1 Qxd5 15. exf6+ Be6 $19 {Kotovskyy-Romashko,
UKR ch U20 Lvov 2008,0-1}) 8. d4 Nbd7 9. Nxd7 Bxd7 {2 Bl wins, 3 draws}) (7.
Nd4 c6 $15) 7... Bb4 8. Nc3 $146 (8. Nd4 O-O 9. Nc3 Bc5 10. Nb3 Bg4 11. Qf1 Bb6
$17 {1-2}) (8. O-O O-O 9. Ne1 Bg4 10. Qe3 Nbd7 $17 {1game each}) (8. c3 {
considered} O-O 9. Nd4 Bc5 10. O-O Bg4 11. Qe1 Re8 12. h3 Bh5 $17 {
Cardoso-Najdorf, Nethanya 1975,0-1}) (8. a3 {considered} O-O 9. axb4 exf3 10.
Qxf3 Re8+ 11. Kf1 Nbd7 12. Bb3 (12. d3 Ne5 13. Qd1 Bg4 $19 {Komodo13}) (12. d4
Nb6 13. Bd3 Bg4 14. Qg3 Nbxd5 15. h3 Qe7 16. Kg1 Be2 17. Bxe2 Qxe2 18. Bxh6 Nh5
19. Qg4 Nxb4 20. Nc3 Qxg4 21. hxg4 Nxc2 22. Rd1 Nf6 23. Bf4 c6 $11 {Komodo13})
12... Nb6 (12... Ne5 $19 {Komodo13}) 13. Nc3 $15 {COMP XiniX-COMP The King,
NED ch computers 2000,1/2-1/2}) 8... Bxc3 (8... O-O 9. Ne5 Re8 10. d4 exd3 11.
cxd3 Bg4 12. f3 Bh5 13. Bf4 Nxd5 14. Bxd5 Qxd5 15. Qe4 Qc5 $19 {Komodo13}) 9.
dxc3 O-O 10. Nd4 Bg4 (10... Nxd5 11. O-O $16 {Komodo13}) 11. f3 (11. Qe3 $16 {
Komodo13} Nxd5 (11... Nbd7 12. Qg3 Kh7 13. Bb3 $16) 12. Qg3 $18 {missed} h5 13.
h3 Be6 14. Bg5 Qd6 (14... Qd7 15. Bh6 $18) 15. Qxd6 cxd6 16. O-O-O) 11... exf3
12. gxf3 Re8 13. Be3 Nxd5 14. Bxd5 Qxd5 15. O-O-O (15. c4 {considered} Qa5+ 16.
Kf2 Bh5 $15) 15... c5 {not anticipated by Wh} (15... Bh5 16. c4 Qe5 17. Rde1
Na6 18. Rhg1 Qf6 19. Qf2 Rad8 $15 {Komodo13}) 16. fxg4 (16. c4 {considered &
pm analysis} Qe5 17. Nb5 $11 Nc6 {Komodo13} (17... Qxe3+ 18. Qxe3 Rxe3 19. Rd8+
Kh7 20. fxg4 $18) (17... Na6 {pm analysis} 18. fxg4 Qxe3+ 19. Qxe3 Rxe3 20. a3
$16 {Komodo13} Re4 21. h3 Rxc4 22. Rhf1 Re4 23. Rd7 Rae8 24. Rxb7 R8e7 25. Rxa7
Rxa7 26. Nxa7 $16) 18. Rhe1 (18. fxg4 Qxe3+ 19. Qxe3 Rxe3 20. h3 a6 21. Nc7 Rd8
22. Rd5 $11 (22. Nd5 $11)) 18... Nd4 19. Nxd4 cxd4 20. Rxd4 Qxd4 21. Bxd4 Rxe2
22. Rxe2 Bxf3 23. Re7 Rd8 24. c3 a6 $11 {Komodo13}) 16... cxd4 17. Rxd4 $2 (17.
cxd4 Qxa2 18. c3 (18. Qd3 Na6 19. Kd2 Qxb2 20. Rb1 Qa2 $17 21. Rxb7 Qa5+ 22.
Ke2 Nb4 $19) (18. Rhe1 Nc6 19. Qd3 Nb4 20. Qb3 Qxb3 21. cxb3 Rac8+ 22. Kb1 Nc2
23. Re2 Nxe3 24. Rde1 Re4 25. Rxe3 Rxg4 $17) 18... Na6 $19 19. Rhe1 Nb4 $19 {
Komodo13} (19... Rac8 20. Qb5 Nc7 21. Qf5 (21. Qd7 Nd5 22. Bd2 {pm analysis}
Qa1+ 23. Kc2 Nb4+ 24. Kb3 Qa2+ 25. Kxb4 Rc4+ 26. Kb5 Qa6# {Komodo13}))) (17.
Qd3 Nc6 18. c4 Qa5 19. Bxd4 Rad8 20. c3 Qxa2 21. Rhe1 Rxe1 22. Rxe1 Na5 $19)
17... Qxh1+ 18. Rd1 Qe4 0-1

[Event "North Wales Open"]
[Site "Llandudno"]
[Date "2019.06.21"]
[Round "1.5"]
[White "Van Kemenade, Julie"]
[Black "Whitehead, Mark A"]
[Result "1/2-1/2"]
[WhiteElo "1718"]
[BlackElo "1901"]
[Annotator "kemen"]
[PlyCount "34"]
[EventDate "2019.06.22"]
[EventRounds "5"]
[EventCountry "WLS"]

1. e4 c5 2. Nc3 (2. f4 e6 3. Nf3 Nc6 4. Nc3 a6 5. a4 d5 6. e5 Nge7 7. Be2 Nf5
8. O-O Be7 9. d3 O-O 10. Qe1 Nfd4 11. Bd1 f6 {Whitehead-Van Kemenade, Bradford
Major 1996,0-1}) (2. Nf3 e6 3. d3 Nc6 4. c3 g6 5. g3 Bg7 6. Bg2 Nge7 7. O-O d6
8. Re1 O-O 9. Nbd2 Rb8 10. Nf1 {Van Kemenade-Whitehead, S Wales Autumn 2018,0-1
}) 2... a6 3. a4 Nc6 4. Bc4 (4. f4 e6 5. Bc4 Nge7 6. Ba2 Nb4 7. d3 d5 8. Qe2 d4
9. Nd1 Nxa2 10. Rxa2 Nc6 11. Nf3 Be7 12. Nf2 O-O 13. O-O f5 14. Ra1 {Van
Kemenade=Whitehead, Leyland Open 2014, 1/2-1/2}) 4... Nf6 5. d3 e6 6. Ba2 Be7 (
6... d5 7. Bg5 (7. exd5 exd5 8. Qe2+ Be7 9. Nf3 {0-6}) 7... d4 8. Nce2 Be7 9.
Ng3 h6 10. Bd2 {Roque-Poloao, Manila Campomanes memorial 2010,1-0}) 7. Nf3 (7.
f4 {0-3}) (7. Nge2 O-O 8. f4 d6 9. O-O {3-1}) 7... d6 8. O-O O-O 9. Ne2 Ne5 10.
Ng3 (10. Nxe5 dxe5 11. Bc4 $11 {Komodo13}) 10... Bd7 11. c3 b5 12. Bb3 Qc7 13.
Bc2 Rac8 14. Bg5 $11 Nd5 15. Bd2 Nf6 16. Bg5 Nd5 17. Bd2 Nf6 1/2-1/2

[Event "North Wales Open"]
[Site "Llandudno"]
[Date "2019.06.21"]
[Round "1.6"]
[White "Rathbone-Jones, Ifan"]
[Black "Dewangan, Aayush"]
[Result "1-0"]
[WhiteElo "1887"]
[BlackElo "1398"]
[Annotator "kemen"]
[PlyCount "93"]
[EventDate "2019.06.22"]
[EventRounds "5"]
[EventCountry "WLS"]

1. e4 c5 2. d4 cxd4 3. c3 dxc3 4. Nxc3 d6 5. Bc4 Nc6 6. f4 {8 games,5 Wh wins,
3 draws} (6. Nf3 {main, some 7,500 games in database}) 6... Nf6 7. Nf3 g6 $146
(7... e6) 8. e5 Nh5 $11 9. Ng5 e6 10. g4 Ng7 {not a very good square for a N} (
10... d5 11. gxh5 dxc4 12. Qxd8+ Nxd8 13. Nb5 Bb4+ 14. Ke2 O-O 15. Ne4 Be7 16.
Be3 b6 $11 {Komodo13}) 11. Nce4 $16 Be7 (11... dxe5 12. Qxd8+ Nxd8 13. Bb5+ Nc6
14. fxe5 Bb4+ 15. Bd2 Bxd2+ 16. Kxd2 h6 17. Bxc6+ bxc6 18. Nd6+ Kd7 19. Ndxf7
Rf8 20. Nxh6 $18) 12. exd6 Bxg5 (12... f5 $5 $16 {gives chances of survival})
13. fxg5 $18 {Wh controls all the bl squares} Qa5+ (13... O-O 14. d7 $18) 14.
Kf1 (14. Bd2 {looks even stronger} Qb6 15. Bc3 Qe3+ 16. Qe2 Qxe2+ 17. Kxe2 e5
18. Nf6+ Kd8 19. d7 Bxd7 20. Rad1 {Wh is almost fully mobilized}) 14... O-O 15.
Nf6+ Kh8 16. Qd3 Ne8 17. Bd2 Qd8 18. Bc3 e5 {Bl is finding ways to cling on}
19. d7 Nxf6 20. dxc8=Q Qxc8 21. gxf6 Qxg4 22. Bd5 (22. Rg1 $16) 22... Rad8 (
22... Nb4 23. Bxb4 Qxb4 24. Rd1 Rfd8 25. Qf3 Rac8 26. Rg1 Qxb2 27. Rg2 Qb5+ 28.
Re2 Rc5 29. a4 Qa6 30. Kg1 $16 {and Wh should be able to get his K to safety.})
23. Qf3 $18 Qxf3+ 24. Bxf3 Rfe8 25. Re1 (25. Kg2 Rd6 26. Bxc6 bxc6 27. Rhe1 $18
{Komodo13}) 25... Nd4 (25... Rd6 26. Kg2 Rxf6 27. Bxc6 Rxc6 28. Rxe5 Rxe5 29.
Bxe5+ f6 30. Bc3 $18 {the 2 pawns are not enough for the piece}) 26. Bxb7 Re6
27. Kg2 Nb5 28. Bxe5 Rd2+ 29. Kf3 Rb6 30. Rd1 Rxd1 31. Rxd1 h5 32. Rd8+ Kh7 33.
Bd5 {Bl has run out of play} Ra6 34. Bxf7 Rc6 35. Bd5 (35. Bg8+ Kh6 36. f7 {
Komodo13-mating soon}) 35... Rxf6+ 36. Bxf6 Nd4+ 37. Kf2 (37. Bxd4 Kh6 38. Kf4
g5+ 39. Kf5 h4 40. Rh8#) 37... g5 38. Be4+ (38. Bf7 g4 39. Rh8#) 38... Nf5 39.
Bxf5+ Kh6 40. Rd7 (40. Rh8#) 40... h4 41. Rg7 (41. Rh7#) 41... g4 42. Ke3 g3
43. h3 g2 44. Rg4 g1=Q+ 45. Rxg1 a5 46. Bg7+ Kh5 47. Bg6# 1-0

[Event "North Wales Open"]
[Site "Llandudno"]
[Date "2019.06.21"]
[Round "1.7"]
[White "Pirga, Vlad"]
[Black "Camp, Imogen A L"]
[Result "0-1"]
[WhiteElo "1513"]
[BlackElo "1886"]
[Annotator "kemen"]
[PlyCount "94"]
[EventDate "2019.06.22"]
[EventRounds "5"]
[EventCountry "WLS"]

1. e4 e5 2. Nf3 Nc6 3. d4 exd4 4. Nxd4 Bc5 5. Be3 Bb6 (5... Qf6 {main}) 6. Bc4
Nf6 7. Nc3 d6 (7... O-O) 8. Nxc6 (8. O-O) (8. f3 {both score better for Bl})
8... bxc6 9. Qf3 (9. Bg5) 9... Bd7 (9... Bg4 10. Qg3 Bxe3 11. Qxe3 Be6 12. Bxe6
fxe6 13. O-O-O O-O $11 {Wulffers-Ngo, NED U16 open, Hengelo 1999,0-1}) 10. Bg5
(10. e5 Bxe3 (10... dxe5 11. O-O-O $16) 11. exf6 Bh6 12. fxg7 Qe7+ 13. Kd1 Bxg7
14. Re1 Be5 $11 {Komodo13}) 10... Qe7 11. Bxf6 (11. O-O) 11... gxf6 12. O-O-O
O-O-O $11 13. Rd3 (13. Rhe1) 13... Kb7 14. Qf4 Be6 (14... f5 15. exf5 d5 16.
Bb3 Rde8 $15 {Komodo13- Bl has a strong centre}) 15. Bb3 Rhg8 16. Rg3 (16. g3)
16... Bd4 17. Qd2 (17. Nd5 cxd5 18. exd5 Rxg3 19. hxg3 Bc5 20. dxe6 fxe6 21. f3
$14 {Komodo13- the Bl pawns are a little loose}) 17... Bb6 18. f3 Bxb3 19. axb3
Qe5 20. Qe1 Rde8 21. Ne2 (21. Rxg8 Rxg8 22. g3 f5 23. f4 Qe6 24. exf5 Qxf5 25.
Qe4 $11) 21... f5 $17 22. Qc3 Qe6 (22... Qb5 23. Qd3 fxe4 24. fxe4 Qxd3 25.
cxd3 f5 26. Rxg8 Rxg8 27. g3 fxe4 28. dxe4 Rf8 29. Kd2 Rf3 $17 {Komodo13}) 23.
Rxg8 Rxg8 24. Nf4 Qh6 $19 25. g3 (25. Qd2 fxe4 26. fxe4 Rg4 27. Rf1 Qxh2 $19)
25... Rxg3 26. hxg3 Qxh1+ 27. Kd2 fxe4 (27... Qh2+ 28. Ne2 Qh6+ 29. Nf4 Qg5 30.
exf5 Qxg3 31. Ne2 Qg5+ 32. Ke1 h5 $19 {Komodo13}) 28. fxe4 Qxe4 29. Qd3 Qxd3+
30. Kxd3 Kc8 (30... Bf2 31. g4 Kb6 32. b4 Bg3 33. Ng2 c5 $19 {Komodo13}) 31. g4
Kd7 32. Ke4 Ke7 {Bl has pawn majorities on both sides of the board} 33. Kf5 Be3
34. Nd3 c5 35. c3 a5 36. c4 Bd4 37. Nf4 c6 38. Nd3 h6 (38... d5 39. cxd5 cxd5
40. Kg5 c4 41. bxc4 dxc4 42. Ne1 Bxb2) 39. Ke4 Kf6 40. Ne1 Kg5 41. Kf3 Bxb2 42.
Nd3 Be5 43. Nf2 f5 44. gxf5 Kxf5 45. Ng4 h5 46. Ne3+ Kg5 47. Nd1 Bd4 0-1

[Event "North Wales Open"]
[Site "Llandudno"]
[Date "2019.06.22"]
[Round "2.1"]
[White "Ashton, Adam G"]
[Black "Biermann, Florian"]
[Result "1-0"]
[WhiteElo "2325"]
[BlackElo "1815"]
[Annotator "kemen"]
[PlyCount "43"]
[EventDate "2019.06.22"]
[EventType "swiss"]
[EventRounds "5"]
[EventCountry "WLS"]

1. e4 c5 2. Nf3 g6 3. d4 cxd4 4. Qxd4 Nf6 5. e5 Nc6 6. Qa4 Nd5 7. Qe4 Nc7 8.
Nc3 Bg7 9. Bf4 Ne6 10. Bg3 Qa5 11. Bc4 (11. O-O-O {main}) 11... Qb4 $146 {
however this is not a stable square for the Q, so the net effect isthat Bl
loses a move} (11... d6) (11... a6) 12. O-O-O h5 13. a3 $18 Qa5 14. Rd5 (14.
Rhe1) (14. Kb1) 14... Nc5 (14... Qc7) 15. Qe3 (15. Rxc5 $1 {Komodo13} Qxc5 16.
Bxf7+ Kxf7 (16... Kd8 17. Rd1 $18 a6 (17... h4 18. Rd5 hxg3 19. Rxc5 gxh2 20.
Nxh2 Rxh2 21. f4 $18) 18. Rd5 Qa7 19. Qxg6 Bh6+ 20. Kb1 {and Bl can scarcely
move}) 17. Ng5+ Kg8 18. Qxg6 Nd8 19. Qe8+ Bf8 20. Qxd8 $18) 15... Bh6 (15... b6
16. Kb1 Ba6 17. Ba2 Bb7 18. Rhd1 e6 19. Rd6 Ne7 20. Nd4 O-O 21. Bf4 $18 {
Komodo13}) 16. Bf4 Bxf4 17. Qxf4 e6 (17... Ne6 18. Qe4 Qc7 19. Rhd1 Kf8 20.
R5d2 Kg7 21. Nd5 Qa5 22. Kb1 {and Bl's further development looks like it will
never happen}) 18. Ng5 Rf8 19. Nge4 exd5 20. Nd6+ Kd8 21. Qf6+ Ne7 (21... Kc7
22. Ndb5+ Kb8 23. Qd6+ Qc7 24. Qxc7#) 22. Nxd5 1-0

[Event "North Wales Open"]
[Site "Llandudno"]
[Date "2019.06.22"]
[Round "2.2"]
[White "Camp, Imogen A L"]
[Black "Surtees, Mike J"]
[Result "0-1"]
[WhiteElo "1886"]
[BlackElo "2112"]
[Annotator "kemen"]
[PlyCount "116"]
[EventDate "2019.06.22"]
[EventRounds "5"]
[EventCountry "WLS"]

1. d4 e6 2. Nf3 Nf6 3. Bf4 Nh5 (3... c5) (3... b6) (3... d5) 4. Bg3 (4. Bg5 {
more frequent}) 4... f5 5. e3 Be7 (5... d6 {1/2}) (5... Nxg3 {1/2}) 6. c4 (6.
Ne5 Nf6 7. Nd2 d6 8. Nd3 Nc6 9. c3 O-O 10. Be2 Bd7 11. O-O Kh8 12. f3 {
Paehtz-Socko, Radzikowska Memorial rapid 2018, 1/2-1/2}) 6... d6 7. Nc3 (7. Bd3
Nd7 8. d5 Nc5 9. Nd4 g6 10. dxe6 Nxe6 11. Nxf5 Bf6 12. Nc3 Bxc3+ 13. bxc3 Nxg3
14. Nxg3 Nc5 {Sturza-Pokorny, CZE ch tm 2012.1/2-1/2}) (7. Be2) 7... O-O 8. Be2
Na6 (8... Nd7 9. Ng5 Bxg5 10. Bxh5 f4 11. exf4 Bxf4 12. Bg4 e5 13. O-O {
Koeng-Klinger, Werfen op 1991, 1/2-1/2}) (8... Bf6 9. Qb3 Qe7 10. O-O-O Nxg3
11. hxg3 c5 12. dxc5 dxc5 13. Bd3 g6 14. e4 Nc6 15. exf5 exf5 16. Nd5 $16 {
Averyanov-Vlasenko, St Petersburg Summer 2017,0-1}) 9. O-O Nxg3 10. hxg3 c5 11.
dxc5 (11. Qd2 $14) 11... Nxc5 12. b4 Nd7 (12... Ne4 13. Nxe4 fxe4 14. Nd4 Bf6
15. Rc1 $14 {Komodo13}) 13. Qb3 Qb6 14. Rfd1 $16 a5 15. a3 (15. c5 $1 dxc5 (
15... Qxb4 16. Qxe6+ Kh8 17. Nd5 $18) 16. Na4 Qd8 (16... Qxb4 17. Qxe6+ Kh8 18.
Qxe7 Qxa4 19. Ng5 $18) 17. bxc5 Bf6 (17... Rf6 18. Nb6 $18) 18. Qxe6+ Kh8 19.
Rac1 $18 {Komodo13}) 15... Nc5 16. Qb2 Bd7 17. Rab1 axb4 18. axb4 Ne4 19. Nxe4
fxe4 20. Nd2 (20. c5 Qc6 21. cxd6 Bf6 22. b5 Qc5 23. Nd4 Qxd6 24. Bc4 $16 {
Komodo13}) 20... d5 (20... Ba4 21. Bg4 d5 22. cxd5 exd5 23. Nb3 Bf6 24. Qa2 Bd7
25. Qe2 Bb5 26. Qd2 Rfd8 27. Nc5 $11 {Komodo13}) 21. cxd5 exd5 22. Nc4 (22.
Nxe4 Bf5 23. Nc3 Bxb1 24. Nxd5 Qd6 25. Qxb1 $14 {Komodo13}) 22... Qe6 23. Na3 (
23. Qd2 Qf6 24. Rf1 Be6 25. Na5 Ra7 26. Nb3 $11 {Komodo13}) 23... Qf7 $17 24.
Bb5 (24. Rf1) 24... Bf6 $19 25. Qb3 Rxa3 26. Qxa3 (26. Qxd5 Bxb5 27. Qxb5 Ra2
$19) 26... Bxb5 27. Rd2 h5 (27... d4 28. exd4 Bxd4 {Komodo13}) 28. Qc1 Bd3 29.
Rb3 d4 30. Ra3 (30. Rbxd3 $5) 30... dxe3 31. fxe3 Bg5 (31... Be5 $1 {Komodo13})
32. Qe1 Qf1+ 33. Qxf1 Rxf1+ 34. Kh2 Bxe3 35. Rdxd3 exd3 36. Rxd3 Bg1+ 37. Kh3
Rb1 38. Kh4 Rxb4+ 39. Kxh5 Rb5+ 40. Kg6 Rb6+ 41. Kh5 Kh7 42. g4 Rh6+ 43. Kg5 b6
44. Kf5 Rf6+ 45. Ke4 Kg6 46. Rd5 Bc5 47. g3 Re6+ (47... Rd6 48. Rf5 Rd4+ 49.
Kf3 Rd3+ 50. Kf4 Bd6+) 48. Kf4 Rd6 49. Rg5+ Kf6 50. Rf5+ Ke7 51. g5 g6 52. Re5+
Kd7 53. g4 Kc6 54. Re8 b5 55. Ke5 Bd4+ 56. Ke4 b4 57. Rc8+ Kb5 58. Rc1 b3 0-1

[Event "North Wales Open"]
[Site "Llandudno"]
[Date "2019.06.22"]
[Round "2.3"]
[White "Farrar, Gordon"]
[Black "Rathbone-Jones, Ifan"]
[Result "0-1"]
[WhiteElo "1750"]
[BlackElo "1887"]
[Annotator "kemen"]
[PlyCount "40"]
[EventDate "2019.06.22"]
[EventRounds "5"]
[EventCountry "WLS"]

1. d4 e6 2. e4 d5 3. e5 c5 4. c3 Nc6 5. Nf3 Qb6 6. Bd3 Bd7 (6... cxd4 7. cxd4
Bd7) 7. dxc5 Bxc5 8. O-O Qc7 (8... a5) 9. Bf4 (9. b4 Bb6 10. Re1 {main}) 9...
Nge7 10. Bg3 (10. b4) 10... a5 $146 (10... Ng6) 11. a4 O-O 12. Na3 Ng6 13. Qe2
(13. Nb5 $16 {Komodo13}) 13... Nce7 14. Nc2 (14. Nb5) 14... Nf5 15. Bxf5 exf5
16. e6 (16. Qd2 Be6 17. Ncd4 $14) 16... f4 17. exd7 fxg3 18. hxg3 Qxg3 19. Qb5
$2 Nf4 $19 20. Nfe1 (20. Nce1 Ra6 $1 (20... Nh3+)) 20... Nh3+ (20... Nh3+ 21.
Kh1 Nxf2+ 22. Kg1 (22. Rxf2 Qh4+ 23. Kg1 Qxf2+ 24. Kh2 Qh4#) 22... Ng4+ 23. Rf2
Qxf2+ 24. Kh1 Qh4# (24... Qg1#)) 0-1

[Event "North Wales Open"]
[Site "Llandudno"]
[Date "2019.06.22"]
[Round "2.4"]
[White "Hilton, Tim"]
[Black "Davies, Nigel R"]
[Result "0-1"]
[WhiteElo "1899"]
[BlackElo "2494"]
[Annotator "kemen"]
[PlyCount "22"]
[EventDate "2019.06.22"]
[EventRounds "5"]
[EventCountry "WLS"]

1. c4 b6 2. Nc3 e6 3. e4 Bb7 4. Bd3 (4. Nf3) 4... Qg5 (4... Bb4) (4... c5 {
main lines}) 5. Qf3 (5. Bf1 Qg6 {Fritz5.32-FRitz5.32, blitz 1999,0-1}) (5. Nf3
Qxg2 6. Rg1 Qh3 7. Bf1 Qh5 8. Rg5 Qh6 9. d4 Qf6 10. Be3 $14 {Komodo13}) 5...
Nc6 6. Nh3 (6. Qh3 Qh6 7. Qxh6 Nxh6 $11 {Komodo13}) 6... Qh6 (6... Qc5) (6...
Qf6 {both Komodo13}) 7. Bb1 (7. O-O) 7... Nd4 (7... e5) 8. Qg3 (8. Qd1) 8...
Bd6 9. e5 Be7 (9... Bc5) 10. O-O O-O-O $15 11. Be4 $2 Bxe4 (11... Bxe4 12. d3
Qg6 13. dxe4 Qxg3 14. hxg3 Nc6 15. f4 Nh6 $19 {survives longer}) 0-1

[Event "North Wales Open"]
[Site "Llandudno"]
[Date "2019.06.22"]
[Round "2.5"]
[White "Rajagopal, Juan"]
[Black "Carroll, Thomas"]
[Result "0-1"]
[WhiteElo "1600"]
[BlackElo "1986"]
[Annotator "kemen"]
[PlyCount "82"]
[EventDate "2019.06.22"]
[EventRounds "5"]
[EventCountry "WLS"]

1. d4 Nf6 2. c4 c5 3. d5 e6 4. Nc3 exd5 5. cxd5 d6 6. Bg5 Be7 (6... g6) 7. Qa4+
$146 (7. Nf3) 7... Nbd7 8. e3 Nxd5 9. Nxd5 (9. Bxe7 Nxe7 10. Rd1 O-O 11. Rxd6
Qc7 12. Rd2 Nf6 $15) 9... Bxg5 10. Qe4+ Kf8 $17 11. f4 Nf6 12. Nxf6 Bxf6 $19 (
12... Bh4+ 13. g3 Bxf6 $19 {Komodo13}) 13. Bc4 Qe7 (13... g6) 14. Qxe7+ Kxe7
15. O-O-O Be6 16. Bd5 Rac8 (16... Bd4 17. exd4 Bxd5 18. Ne2 Rhc8 $19 {Komodo13}
) 17. Bxe6 fxe6 18. h4 h5 19. Nf3 g6 20. Rd2 b5 21. Rhd1 Rc6 (21... Rhd8) 22.
e4 Bg7 23. g3 Rf8 24. Ne5 Bxe5 (24... dxe5 25. Rd7+ Kf6 26. fxe5+ Kxe5 27. Rxg7
Rf6 28. Rxa7 Rf3 29. Rg1 Kxe4 $17 {Komodo13}) 25. fxe5 Rd8 26. Kc2 d5 27. exd5
Rxd5 28. Kc3 a6 29. a4 Rxe5 $19 30. Rd7+ Kf6 31. R1d3 b4+ 32. Kc2 c4 33. Rd1
Re2+ 34. R1d2 Rxd2+ 35. Kxd2 c3+ 36. Kc2 Kf5 (36... cxb2+ 37. Kxb2 e5) 37. Rd4
a5 38. Kd3 cxb2 39. Rf4+ Ke5 40. Re4+ Kf6 41. Rf4+ Ke7 0-1